000
00317nam a22001457a 4500
008
180919b xxu||||| |||| 00| 0 eng d
020
_a
253460
041
_a
eng
080
_a
51
082
_a
51
100
_a
36
101
_a
MAT
245
_a
Analysis of Elementary Functions
_c
Sorgenfrey,R.H
942
_2
udc
_c
BK
999
_c
47992
_d
47992